000 00502nam a2200205Ia 4500
003 0100
008 130307s9999 xx 000 0 und d
020 _a0415137195
040 _cARRUPELIB
050 _aLB1024.W85 1996
245 _aContemporary issues in teaching and learning
260 _aLondon
260 _bRoutledge
260 _c1996
650 _aEDUCATION
650 _bWiseman, Nicholas Patrick Stephen
650 _cOxford movement
700 _aWoods, Peter (ed.)
942 0 0 _07
999 _c99522
_d99522